| 000 | 00000nam##2200000za#4500 |
| 001 | 9.588055 |
| 003 | CaOODSP |
| 005 | 20210624194932 |
| 007 | cr ||||||||||| |
| 008 | 150406|1997||||xxc|||||o f|0| 0 eng|d |
| 040 | |aCaOODSP|beng |
| 041 | |aeng |
| 041 | |afre |
| 043 | |an-cn--- |
| 086 | 1 |aH12-30/109-PDF |
| 110 | 1 |aCanada. |bHealth Canada. |
| 245 | 10|aIncidents involving patient lifts |h[electronic resource] |
| 260 | |aOttawa - Ontario : |bHealth Canada |
| 300 | |a6p.|bfigs. |
| 490 | 1 |aAlert - medical devices |vNo. 109 (March 20, 1997) |
| 590 | |a12-08-Supp|b2012-03-16 |
| 776 | 0#|tIncidents liés à l'utilisation de lève-patients |w(CaOODSP)9.528891 |
| 792 | |tIncidents liés à l'utilisation de lève-patients |efre|w(CaOODSP)9.588056 |
| 830 | #0|aAlert - medical devices ;|vNo. 109 (March 20, 1997)|w(CaOODSP)9.500603 |
| 856 | 40|ahttp://publications.gc.ca|qPDF|s39 KB|uhttps://publications.gc.ca/collections/Collection/H12-30-109.pdf|yNo. 109 (March 20, 1997) |